Responses for Show #2514 - Thursday, July 6, 1995

Isaac Segal game 3.

Contestants

[<< previous game]

James Greenberg, a public relations coordinator originally from Marlboro, New Jersey

Tom McGuire, a writer from Oakland, California

Isaac Segal, an advertising creative director from Cherry Hill, New Jersey (whose 2-day cash winnings total $26,800)

[next game >>]

Jeopardy! Round responses

BIBLE QUOTATIONS
SPORTS
AMERICAN CUISINE
GROVER CLEVELAND
RANKS & TITLES
"LADY"s
    $100 11
put asunder

James
    $100 1
Larry Bird

Isaac
    $100 13
California

Tom
    $100 18
the veto

Tom
    $100 6
monsieur

Isaac
    $100 19
a lady-in-waiting

James
    $200 12
Solomon

Tom
    $200 2
the Tampa Bay Buccaneers

James
    $200 14
beets

Isaac
    $200 24
the Statue of Liberty

Isaac
    $200 7
emperor

James
    $200 20
Lady Godiva

Isaac
    $300 28
(Pontius) Pilate

Isaac
    $300 3
Wrigley Field

Isaac
    $300 15
coconut

Tom
    $300 25
the Civil War

James
    $300 8
the doge

Isaac
    $300 21
ladybugs

Tom
    $400 29
Paul

Isaac
    $400 4
Rickenbacker

Isaac
    $400 16
Tex-Mex

James
    $400 26
Stephen

Triple Stumper
    $400 9
admiral

Isaac
    $400 22
(Tom: What is a Lady Jane?)

a pink lady

IsaacTom
    $500 30
Job

Isaac
    $500 5
(Jack) Dempsey (the "Manassa Mauler")

Isaac
    $500 17
bourbon

Isaac
    $500 27
Mugwumps

Isaac
    $1,000 10
a regent

Isaac
    $500 23
the Little Old Lady from Pasadena

Isaac

Scores at the first commercial break (after clue 15):

Isaac Tom James
$3,300 $600 $500

Scores at the end of the Jeopardy! Round:

Isaac Tom James
$6,800 $600 $1,300

Double Jeopardy! Round responses

WORLD HISTORY
ENGINEERING
ART CLASS
TRAVEL & TOURISM
PEOPLE
BOOKS & AUTHORS
    $200 6
Germany

Tom
    $200 30
a dam

Tom
    $200 21
Leonardo da Vinci

James
    $200 16
(Alex [as everyone laughs]: Tom, a man not from [*] comes up with "What is [*]?" and beats the other fellows. Way to go.)

New Jersey

Tom
    $200 11
Sabin

Isaac
    $200 1
a cat

Isaac
    $400 7
Nelson

Isaac
    $400 29
the Army Corps of Engineers

Isaac
    $400 22
(James: What is embellishment?)

illumination

IsaacJames
    $400 17
(Isaac: What is California?)

Nevada

IsaacTom
    $400 12
(Tom: Who is Hoyle?)

Stephen Hawking

TomJames
    $400 2
The House of the Seven Gables (The House of Seven Gables accepted)

Isaac
    $600 8
(Tom: What is, uh, Pompeii?)

Naples

IsaacTom
    $600 28
Pennsylvania

Isaac
    $600 23
(Alex: Yes, and we have a minute to go.)

watercolor

Isaac
    $600 18
Abilene

Isaac
    $600 13
Nureyev

Isaac
    $600 3
Arthur C. Clarke

Tom
    $800 9
Chiang Kai-shek

James
    $800 26
the Grand Canal

Triple Stumper
    $800 24
(James: What is a camera?)
(Alex: Be more specific.)

a camera obscura

James
    $800 19
Huntsville

Tom
    $800 14
(James) Brady

Isaac
    $800 4
John le Carré

James
    $2,900 10
(James: I'm a gambling man, let's do it all. $2,900.)
(Alex: "I'm a gambling man." A man that throws the garter up into the rafters...)

Luxembourg

James
    $1000 27
the Transcontinental Railroad

James
    $1000 25
the vanishing point

Isaac
    $1000 20
(Tom: What is James Bay?)
...
(Alex: Correct response--"What is [*]?" James Bay is way up north.)

the Bay of Fundy

Tom
Triple Stumper
    $2,000 15
Stephen Breyer

Isaac
    $1000 5
Bret Harte

Isaac

Scores at the end of the Double Jeopardy! Round:

Isaac Tom James
$16,200 $1,000 $7,800
(lock game)

[wagering suggestions for these scores]

Final Jeopardy! Round responses

FAMOUS PLAYS
(Alex: [Genuinely tittering] Ha-ha-ha-ha. Ha! It was fun watching you, Isaac. You've got so much money, you can afford to be blasé about this, and say, "I don't care, man!")
TomWhat is William T
$0
JamesWhat is To kill A Mockingbird
$2,200
IsaacWhat is ?
$200
The Seagull

Final scores:

Isaac Tom James
$16,000 $1,000 $5,600
3-day champion: $42,800 + Jeopardy! '92 home game 3rd place: a Samsung 27" color television + Jeopardy! '92 home game 2nd place: a Bassett dining room + a Troy Lighting chandelier + Jeopardy! '92 home game

Game dynamics:

Coryat scores:

Isaac Tom James
$14,700 $1,000 $5,900
33 R
(including 2 DDs),
1 W
11 R,
4 W
13 R
(including 1 DD),
1 W

Combined Coryat: $21,600

[game clues] [game scores] [suggest correction]

Game tape date: 1995-02-15
The J! Archive is created by fans, for fans. Scraping, republication, monetization, and malicious use prohibited; this site may use cookies and collect identifying information. See terms. The Jeopardy! game show and all elements thereof, including but not limited to copyright and trademark thereto, are the property of Jeopardy Productions, Inc. and are protected under law. This website is not affiliated with, sponsored by, or operated by Jeopardy Productions, Inc. Join the discussion at JBoard.tv.